000
00316nam a22001457a 4500
003
SGT
020
_a
978-93-80316-26-0
082
_a
616.89
_b
U15C
100
_a
CHAUDHARY, SUPRAKASH
245
_a
UNDERGRADUATE PSYCHIATRY
250
_a
2ND
260
_a
INDIA
_b
AHUJA PUB
_c
2015
300
_a
324
942
_2
ddc
_c
BK
999
_c
18106
_d
18106